000 00282nam a22001337a 4500
008 181022b xxu||||| |||| 00| 0 eng d
020 _a9780071779685
041 _aeng
080 _a575
100 _a5
101 _aBIO
245 _aBiochemistry
_cKuchel,P.W
942 _2udc
_cBK
999 _c50427
_d50427